000 01453nam a22002777a 4500
003 OSt
005 20230706131027.0
008 221006b |||||||| |||| 00| 0 eng d
040 _cBiblioteca Lado V
082 _a701.18
_bN473r
100 _9875
_aNettel, Guadalupe
_edirectora
245 _aRevista de la Universidad de México/
_bEl Pacifico/
260 _c2019
_bUniversidad Autónoma de Mexico
_aMexico
300 _c18x26cm
_a172p.
490 _v2019
_x0185 1330
_a849
505 _aEditorial
505 _aDossier
_tMare Pacificum Los tatuajes polinesios El ojo El Estilo Hawaiano La gran Mancha de Basura del Pacifico Oceano-Mundo Escribir Historias Insulares en el pacifico mexicano Varua rapa nui clipperton isla Mexicana Islas Islas Japonesas El surgimiento del mar Una descolonizacion inconclusa El pacifico chino
505 _aArte
_tMiradas del pacifico de Moises Barrios
505 _aPanoptico
_tEl oficio Palco Alambique Agora Personajes secundarios Otros Mundos
505 _aCritica
_tSin Justificar Esta Noche el Gran Terremoto Tema Libre Apocalypse Now Nuestros Autores
650 0 _2Tesauro de Arte & Arquitectura
_aARTE
_9702
650 0 _2Tesauro de Arte & Arquitectura
_aPINTURA
650 _2Tesauro de Arte & Arquitectura
_aANALISIS
650 _2Tesauro de Arte & Arquitectura
_aCRITICA
942 _2ddc
_c1
_h701.18
_iN473r
_n0
999 _c4001
_d4001